[Event "SportAccord Blitz Men 2012"]
[Site "Beijing CHN"]
[Date "2012.12.16"]
[Round "4.4"]
[White "Nakamura, Hikaru"]
[Black "Bologan, Viktor"]
[Result "0-1"]
[WhiteTitle "GM"]
[BlackTitle "GM"]
[WhiteElo "2760"]
[BlackElo "2681"]
[WhiteFideId "2016192"]
[BlackFideId "13900048"]
[EventDate "2012.12.16"]

1. d4 d5 2. c4 c6 3. Nc3 Nf6 4. Nf3 dxc4 5. a4 e6 6. g3 c5 7. e4 cxd4 8. Qxd4
Qxd4 9. Nxd4 a6 10. Bxc4 Bd7 11. e5 Nc6 12. Nf3 Ng4 13. Bf4 Rc8 14. Be2 f6 15.
exf6 gxf6 16. h3 Nh6 17. Ne4 Ng8 18. Nd6+ Bxd6 19. Bxd6 Nge7 20. Bd3 Nf5 21.
Bxf5 exf5 22. O-O Kf7 23. Ra3 Rhd8 24. b4 b6 25. b5 axb5 26. axb5 Na5 27. Bb4
Bxb5 28. Re1 Nc6 29. Bd2 Bc4 30. Be3 b5 31. Nh4 Be6 32. Ra6 b4 33. Rb6 Rd7 34.
Rc1 b3 35. Kh2 Rdc7 36. Bf4 Ne5 37. Rxc7+ Rxc7 38. Bxe5 fxe5 39. Nf3 Kf6 40. g4
fxg4 41. hxg4 h6 42. Nd2 Rc2 43. Ne4+ Ke7 44. Rb7+ Kd8 45. g5 hxg5 46. Nxg5 Bd5
47. Rb5 Rd2 48. Nf3 Bxf3 49. Rxb3 e4 50. Kg3 Ke7 51. Rb6 Rd6 52. Rb5 Kf6 53. Kf4
Re6 54. Rf5+ Ke7 55. Ra5 Rc6 56. Re5+ Kd6 57. Ra5 Rc2 58. Kg3 Rc5 59. Ra6+ Ke5
60. Ra8 Rc6 61. Rg8 Kf5 62. Rb8 Rg6+ 63. Kh3 Rg2 64. Rf8+ Ke5 65. Re8+ Kd4 66.
Rd8+ Kc3 67. Rc8+ Kd2 68. Ra8 Ke1 69. Ra2 Rxf2 70. Ra1+ Bd1 71. Kg3 Rf3+ 72. Kg2
Rc3 73. Ra6 e3 74. Rd6 Ke2 75. Rd8 Bc2 76. Rd7 Rd3 77. Re7 Kd2 78. Kf1 Rd8 0-1

[Event "SportAccord Blitz Men 2012"]
[Site "Beijing CHN"]
[Date "2012.12.16"]
[Round "4.5"]
[White "Jobava, Baadur"]
[Black "Aronian, Levon"]
[Result "0-1"]
[WhiteTitle "GM"]
[BlackTitle "GM"]
[WhiteElo "2711"]
[BlackElo "2815"]
[WhiteFideId "13601520"]
[BlackFideId "13300474"]
[EventDate "2012.12.16"]

1. b3 e5 2. Bb2 Nc6 3. e3 Nf6 4. Bb5 Bd6 5. Na3 e4 6. Ne2 Be5 7. Qc1 O-O 8. h3
Qe7 9. Bxc6 Bxb2 10. Qxb2 dxc6 11. O-O-O a5 12. Nc3 b5 13. Nab1 a4 14. b4 a3 15.
Nxa3 c5 16. bxc5 b4 17. Qxb4 Bd7 18. Nab1 Rfb8 19. Qd4 Be6 20. d3 c6 21. Nd2
exd3 22. cxd3 Qb7 23. Nb3 Rxa2 24. Nxa2 Qxb3 25. Qa1 Qa3+ 26. Kd2 Rb2+ 27. Ke1
Rxa2 28. Qd4 h6 29. Kf1 Qb3 30. Ra1 Qc2 31. e4 Rxa1+ 32. Qxa1 Qxd3+ 33. Kg1 Nxe4
34. Qa8+ Kh7 35. Qxc6 Bd5 36. Qd7 Nxf2 37. c6 Nxh1 38. c7 Qe4 39. Qxd5 Qxd5 40.
c8=Q Ng3 0-1

[Event "SportAccord Blitz Men 2012"]
[Site "Beijing CHN"]
[Date "2012.12.16"]
[Round "4.6"]
[White "Giri, Anish"]
[Black "Grischuk, Alexander"]
[Result "1/2-1/2"]
[WhiteTitle "GM"]
[BlackTitle "GM"]
[WhiteElo "2720"]
[BlackElo "2764"]
[WhiteFideId "24116068"]
[BlackFideId "4126025"]
[EventDate "2012.12.16"]

1. e4 d6 2. d4 Nf6 3. Nc3 g6 4. Nf3 Bg7 5. Be2 O-O 6. O-O a6 7. a4 e6 8. e5 dxe5
9. Nxe5 Nbd7 10. Bg5 h6 11. Bh4 Qe7 12. a5 Rd8 13. Qc1 c5 14. Nxd7 Bxd7 15. d5
g5 16. dxe6 Bxe6 17. Bg3 Nd5 18. Nxd5 Bxd5 19. Re1 f5 20. Bd3 Qf7 21. Be5 c4 22.
Bxg7 Kxg7 23. Bf1 f4 24. Qd2 Rd7 25. Rad1 Rad8 26. Qc3+ Qf6 27. Qb4 Qd6 28. Qc3+
Qf6 29. Qb4 Qd6 30. Qc3+ Qf6 31. Qb4 1/2-1/2

[Event "SportAccord Blitz Men 2012"]
[Site "Beijing CHN"]
[Date "2012.12.16"]
[Round "4.7"]
[White "Fressinet, Laurent"]
[Black "Mamedyarov, Shakhriyar"]
[Result "0-1"]
[WhiteTitle "GM"]
[BlackTitle "GM"]
[WhiteElo "2700"]
[BlackElo "2764"]
[WhiteFideId "608742"]
[BlackFideId "13401319"]
[EventDate "2012.12.16"]

1. d4 Nf6 2. Nf3 g6 3. c4 Bg7 4. Nc3 d5 5. cxd5 Nxd5 6. e4 Nb6 7. h3 O-O 8. Be2
f5 9. O-O Nc6 10. d5 Ne5 11. Nxe5 Bxe5 12. Bh6 Rf7 13. f4 Bxc3 14. bxc3 fxe4 15.
c4 Qd6 16. Qd4 Bf5 17. Rad1 Na4 18. Kh1 Qf6 19. Qe3 Qc3 20. Qf2 Nb2 21. Rc1 Qd2
22. g4 Bd7 23. Kg1 e6 24. dxe6 Bxe6 25. Rfd1 Nxd1 26. Rxd1 Qc3 27. Kh2 b6 28. f5
gxf5 29. gxf5 Bxf5 30. Qh4 Qf6 31. Bg5 Qe6 32. Be3 Bg6 33. Bg4 Qxc4 34. Rd8+
Rxd8 35. Qxd8+ Rf8 36. Qe7 Re8 37. Qf6 Qxa2+ 38. Kg3 Qb3 39. Qg5 Qf7 40. h4 Qe7
41. Qd5+ Bf7 42. Qc6 Qd6+ 0-1

[Event "SportAccord Blitz Men 2012"]
[Site "Beijing CHN"]
[Date "2012.12.16"]
[Round "5.2"]
[White "Mamedyarov, Shakhriyar"]
[Black "Kamsky, Gata"]
[Result "1-0"]
[WhiteTitle "GM"]
[BlackTitle "GM"]
[WhiteElo "2764"]
[BlackElo "2762"]
[WhiteFideId "13401319"]
[BlackFideId "2000024"]
[EventDate "2012.12.16"]

1. c4 b6 2. Nc3 Bb7 3. d4 g6 4. e4 Bg7 5. Be3 d6 6. Qd2 Nd7 7. h4 h6 8. f3 e6 9.
g4 Ne7 10. Nge2 a6 11. Ng3 c5 12. d5 e5 13. Be2 Qc7 14. a3 Bc8 15. Kf2 Rb8 16.
Rab1 Rb7 17. b4 Kf8 18. Na4 Kg8 19. Rb2 Kh7 20. Rhb1 Rf8 21. h5 g5 22. Bd3 Bf6
23. Qe2 Kg7 24. Rb3 Re8 25. Qb2 Ra7 26. bxc5 bxc5 27. Bd2 Ng8 28. Bc3 Bd8 29.
Qd2 Ne7 30. Nf1 Rf8 31. Qe1 Re8 32. R3b2 Ra8 33. Nd2 Qa7 34. Nb3 Rb8 35. Na5
Rxb2+ 36. Rxb2 Qc7 37. Nb3 Qa7 38. Qe3 Bc7 39. Qe1 f6 40. Ba5 Rd8 41. Bxc7 Qxc7
42. Qa5 Qxa5 43. Nxa5 Kf7 44. Bc2 Rh8 45. Nb6 Ke8 46. Ba4 Kd8 47. Nxd7 Bxd7 48.
Bxd7 Kxd7 49. Rb7+ Kd8 50. Ra7 Nc8 51. Nc6+ Ke8 52. Rc7 Nb6 53. Rb7 Nd7 54. a4
Rh7 55. a5 Nf8 56. Rb8+ Kf7 57. Ra8 1-0

[Event "SportAccord Blitz Men 2012"]
[Site "Beijing CHN"]
[Date "2012.12.16"]
[Round "5.3"]
[White "Grischuk, Alexander"]
[Black "Fressinet, Laurent"]
[Result "1-0"]
[WhiteTitle "GM"]
[BlackTitle "GM"]
[WhiteElo "2764"]
[BlackElo "2700"]
[WhiteFideId "4126025"]
[BlackFideId "608742"]
[EventDate "2012.12.16"]

1. g3 e5 2. Bg2 Nf6 3. d3 d5 4. Nf3 Bd6 5. O-O O-O 6. Nbd2 c6 7. e4 Bg4 8. h3
Bh5 9. Qe1 Re8 10. Nh4 Na6 11. a3 Nc5 12. Nf5 Bf8 13. Kh1 Bg6 14. Nh4 Qc7 15.
Nxg6 hxg6 16. b3 Ne6 17. Nf3 dxe4 18. dxe4 Nd4 19. Nxd4 exd4 20. Qe2 Qd7 21. Bg5
Qe6 22. Rfe1 a5 23. Qd3 Bc5 24. Kh2 Nd7 25. f4 f6 26. Bh4 Be7 27. f5 Qd6 28.
Qc4+ Kh8 29. fxg6 Ne5 30. Qe2 Kg8 31. Qh5 Bd8 32. Rf1 Qe6 33. Rf5 Kf8 34. Raf1
c5 35. Rxe5 Qxe5 36. Qh8+ Ke7 37. Qxg7+ Kd6 38. Bxf6 Bxf6 39. Rxf6+ Re6 40.
Rxe6+ Qxe6 41. Qxb7 Rg8 42. g7 Qe7 43. Qd5+ 1-0

[Event "SportAccord Blitz Men 2012"]
[Site "Beijing CHN"]
[Date "2012.12.16"]
[Round "5.4"]
[White "Aronian, Levon"]
[Black "Giri, Anish"]
[Result "1/2-1/2"]
[WhiteTitle "GM"]
[BlackTitle "GM"]
[WhiteElo "2815"]
[BlackElo "2720"]
[WhiteFideId "13300474"]
[BlackFideId "24116068"]
[EventDate "2012.12.16"]

1. c4 g6 2. e4 e5 3. Nf3 Bg7 4. d4 exd4 5. Nxd4 Nf6 6. Nc3 O-O 7. Bd3 Nc6 8. Nf3
d6 9. h3 Be6 10. O-O Ne5 11. Nxe5 dxe5 12. Be2 c6 13. Be3 Qe7 14. Qa4 Nd7 15.
Rfd1 Bf6 16. Bg4 Nb6 17. Bxb6 axb6 18. Qb3 Bxg4 19. hxg4 Ra6 20. Rd3 Rd8 21.
Rxd8+ Qxd8 22. Rd1 Qc8 23. f3 Be7 24. Ne2 Bc5+ 25. Kf1 Ra8 26. a3 Qe6 27. Qd3
Qf6 28. g3 Kg7 29. Kg2 Rh8 30. b4 Be7 31. Qe3 Qe6 32. Qxb6 Qxc4 33. Rd2 Rd8 34.
Qe3 Rxd2 35. Qxd2 Bg5 36. Qb2 f6 37. Kf2 Qd3 38. Kg2 Bd2 39. Ng1 Be3 40. Nh3 h5
41. g5 Bd4 42. Qa2 f5 43. exf5 gxf5 44. Ng1 Bxg1 45. Qe6 Qe3 46. Qe7+ Kg8 47.
Qe8+ Kg7 48. Qe7+ Kg8 49. Qe8+ 1/2-1/2

[Event "SportAccord Blitz Men 2012"]
[Site "Beijing CHN"]
[Date "2012.12.16"]
[Round "5.5"]
[White "Bologan, Viktor"]
[Black "Jobava, Baadur"]
[Result "0-1"]
[WhiteTitle "GM"]
[BlackTitle "GM"]
[WhiteElo "2681"]
[BlackElo "2711"]
[WhiteFideId "13900048"]
[BlackFideId "13601520"]
[EventDate "2012.12.16"]

1. e4 e6 2. d4 d5 3. Nc3 Nc6 4. Nf3 Nf6 5. Bg5 Be7 6. Bxf6 Bxf6 7. e5 Be7 8. Bb5
Bd7 9. O-O O-O 10. Re1 Na5 11. Bd3 c5 12. dxc5 Bxc5 13. Qd2 Nc6 14. Qf4 f6 15.
Qh4 h6 16. exf6 Qxf6 17. Qxf6 Rxf6 18. Bb5 Raf8 19. Nd1 Be8 20. Bxc6 bxc6 21. c3
Bh5 22. Nd4 Bxd1 23. Raxd1 Rxf2 24. b4 Bxd4 25. Rxd4 e5 26. Rg4 e4 27. Rg6 Rc2
28. Rxc6 d4 29. h3 d3 30. Rd6 d2 0-1

[Event "SportAccord Blitz Men 2012"]
[Site "Beijing CHN"]
[Date "2012.12.16"]
[Round "5.6"]
[White "Karjakin, Sergey"]
[Black "Nakamura, Hikaru"]
[Result "0-1"]
[WhiteTitle "GM"]
[BlackTitle "GM"]
[WhiteElo "2775"]
[BlackElo "2760"]
[WhiteFideId "14109603"]
[BlackFideId "2016192"]
[EventDate "2012.12.16"]

1. e4 e6 2. d4 d5 3. Nc3 Nf6 4. e5 Nfd7 5. f4 c5 6. Nf3 Nc6 7. Be3 Be7 8. Qd2 a6
9. dxc5 Nxc5 10. Bd3 Nxd3+ 11. Qxd3 f6 12. exf6 Bxf6 13. O-O-O Nb4 14. Qd2 Qa5
15. Bd4 Nxa2+ 16. Nxa2 Qxa2 17. Qc3 O-O 18. Bxf6 gxf6 19. Nd4 Bd7 20. Qc7 Qa1+
21. Kd2 Qxb2 22. Ke2 Bb5+ 23. Kf2 Rac8 24. Qd6 e5 25. Qxd5+ Kh8 26. Nxb5 Rxc2+
27. Kg1 Rg8 28. g3 0-1

[Event "SportAccord Blitz Men 2012"]
[Site "Beijing CHN"]
[Date "2012.12.16"]
[Round "5.7"]
[White "Leko, Peter"]
[Black "Morozevich, Alexander"]
[Result "1/2-1/2"]
[WhiteTitle "GM"]
[BlackTitle "GM"]
[WhiteElo "2732"]
[BlackElo "2748"]
[WhiteFideId "703303"]
[BlackFideId "4116992"]
[EventDate "2012.12.16"]

1. e4 c5 2. Nf3 e6 3. d4 cxd4 4. Nxd4 Nc6 5. Nc3 Qc7 6. g3 a6 7. Bg2 d6 8. O-O
Bd7 9. a4 Nf6 10. Nxc6 Bxc6 11. a5 b5 12. axb6 Qxb6 13. Re1 Be7 14. b3 Qc7 15.
Bb2 O-O 16. Qe2 Bb7 17. e5 dxe5 18. Bxb7 Qxb7 19. Qxe5 Rfc8 20. Re2 Rc5 21. Qd4
Rd8 22. Qa4 a5 23. Rd1 Rxd1+ 24. Nxd1 Qf3 25. Rd2 Rxc2 26. Qxa5 h5 27. Ne3 Rxd2
28. Qxd2 Ne4 29. Qc2 Ng5 30. h4 Nh3+ 31. Kf1 Qh1+ 32. Ke2 Ng1+ 33. Kd3 Nf3 34.
Kc4 Bf6 35. Bxf6 gxf6 36. b4 Ne5+ 37. Kb3 Qb7 38. Qe2 Nc6 39. Qd2 Qb5 40. Nc4 e5
41. Na3 Qb7 42. Nc2 Kg7 43. Qd3 Qb6 44. Qe3 Qb5 45. Qe4 Qb6 46. Qe3 Qb5 47. Qe4
Qb6 48. Qe3 1/2-1/2

[Event "SportAccord Blitz Men 2012"]
[Site "Beijing CHN"]
[Date "2012.12.16"]
[Round "5.8"]
[White "Wang, Hao"]
[Black "Radjabov, Teimour"]
[Result "1-0"]
[WhiteTitle "GM"]
[BlackTitle "GM"]
[WhiteElo "2737"]
[BlackElo "2793"]
[WhiteFideId "8602883"]
[BlackFideId "13400924"]
[EventDate "2012.12.16"]

1. d4 Nf6 2. c4 g6 3. Nc3 Bg7 4. e4 d6 5. Be2 O-O 6. Bg5 c5 7. d5 h6 8. Be3 e6
9. Qd2 exd5 10. exd5 Ng4 11. Bxg4 Bxg4 12. h3 Qh4 13. Kf1 Bf5 14. f4 Nd7 15. Nf3
Qe7 16. Re1 Nb6 17. b3 Qf6 18. Nd1 Be4 19. Nf2 Rae8 20. Bd4 cxd4 21. Nxe4 Qe7
22. Kf2 Nd7 23. Nxd4 Qd8 24. Nf3 Qb6+ 25. Kg3 f5 26. Nf2 Nf6 27. Kh2 Ne4 28.
Nxe4 fxe4 29. Nh4 Kh7 30. Rhf1 Bf6 31. g3 Bxh4 32. gxh4 Rf5 33. Qe3 Qa5 34. Re2
a6 35. Rg2 Qc7 36. Rfg1 Qf7 37. Rg4 h5 38. Rxg6 Qxg6 39. Rxg6 Kxg6 40. Kg3 Kg7
41. Kg2 Kh7 42. Kf2 Kg7 43. Qd4+ Kf7 44. Ke3 Rf6 45. Qb6 Re7 46. b4 Rg6 47. c5
Rg3+ 48. Ke2 Rg2+ 49. Kf1 Rd2 50. cxd6 Rd7 51. Qc5 e3 52. Qc8 Rxd6 53. Qc7+ Ke8
54. Qxd6 e2+ 55. Ke1 Rxa2 56. Qe6+ Kd8 57. d6 1-0

[Event "SportAccord Blitz Men 2012"]
[Site "Beijing CHN"]
[Date "2012.12.16"]
[Round "6.2"]
[White "Morozevich, Alexander"]
[Black "Wang, Hao"]
[Result "1-0"]
[WhiteTitle "GM"]
[BlackTitle "GM"]
[WhiteElo "2748"]
[BlackElo "2737"]
[WhiteFideId "4116992"]
[BlackFideId "8602883"]
[EventDate "2012.12.16"]

1. d4 Nf6 2. c4 g6 3. Nc3 Bg7 4. e4 d6 5. h4 h5 6. Bg5 O-O 7. f3 c5 8. d5 a6 9.
a4 Qa5 10. Bd2 e6 11. Nge2 exd5 12. Nxd5 Qd8 13. Nec3 Nc6 14. Bg5 Be6 15. Qd2
Nd4 16. Rd1 Bxd5 17. Nxd5 Ne6 18. Nc3 Nxg5 19. hxg5 Nd7 20. f4 Re8 21. Qxd6 Qa5
22. Kf2 Rad8 23. Qd2 Nf6 24. gxf6 Rxd2+ 25. Rxd2 Bxf6 26. e5 Bg7 27. g4 hxg4 28.
Bg2 Qb4 29. Bd5 b5 30. axb5 axb5 31. Ra1 Bxe5 32. fxe5 Rxe5 33. Ra8+ Kg7 34. Rb8
Qa5 35. cxb5 Qb4 36. Kg2 g3 37. Rb7 Rf5 38. Be4 Rf2+ 39. Rxf2 gxf2 40. Bd5 Qxb2
41. Rxf7+ Kh6 42. Rf3 Qd2 43. b6 Qb2 44. b7 c4 45. Rxf2 Qb6 46. Rf8 Qb2+ 47. Rf2
Qb6 48. Ne4 Qb5 49. Nc3 Qb6 50. Bf3 Qb3 51. Re2 Kg5 52. Re8 Qb2+ 53. Ne2 1-0

[Event "SportAccord Blitz Men 2012"]
[Site "Beijing CHN"]
[Date "2012.12.16"]
[Round "6.4"]
[White "Jobava, Baadur"]
[Black "Karjakin, Sergey"]
[Result "0-1"]
[WhiteTitle "GM"]
[BlackTitle "GM"]
[WhiteElo "2711"]
[BlackElo "2775"]
[WhiteFideId "13601520"]
[BlackFideId "14109603"]
[EventDate "2012.12.16"]

1. b3 e5 2. Bb2 Nc6 3. e3 Nf6 4. Bb5 Bd6 5. Na3 Na5 6. Be2 a6 7. Nf3 Qe7 8. Nb1
O-O 9. d4 exd4 10. Nxd4 Be5 11. Nc3 Nc6 12. O-O d6 13. Nf3 Bf5 14. Qc1 Nb4 15.
Bd1 c5 16. Re1 Ne4 17. Nxe5 Nxc3 18. Bxc3 dxe5 19. a3 Nc6 20. Qb2 f6 21. Bf3
Rfd8 22. h3 Qf7 23. Kh2 Qg6 24. Rac1 Be4 25. Bxe4 Qxe4 26. f3 Qh4 27. Rf1 Qg5
28. Rce1 h5 29. Re2 Rd7 30. Be1 e4 31. f4 Qf5 32. Qc3 b5 33. Rg1 Kf7 34. g4 hxg4
35. Rxg4 Rh8 36. Reg2 Rh7 37. a4 Ne7 38. Qa5 Qh5 39. Rh4 Qxh4 40. Bxh4 Rxh4 41.
Qxa6 bxa4 42. bxa4 Rd5 43. Qc4 Kf8 44. a5 Rdh5 45. Rg3 Nf5 46. Qxc5+ Kg8 47.
Qd5+ Kf8 48. Qa8+ Kf7 49. Qb7+ Kf8 50. Qc8+ Kf7 51. Qc4+ Kf8 52. Qf1 Nxg3 53.
Kxg3 Ke7 54. a6 Rh8 55. a7 R4h5 56. Qh1 f5 57. Qa1 Rxh3+ 0-1

[Event "SportAccord Blitz Men 2012"]
[Site "Beijing CHN"]
[Date "2012.12.16"]
[Round "6.5"]
[White "Giri, Anish"]
[Black "Bologan, Viktor"]
[Result "0-1"]
[WhiteTitle "GM"]
[BlackTitle "GM"]
[WhiteElo "2720"]
[BlackElo "2681"]
[WhiteFideId "24116068"]
[BlackFideId "13900048"]
[EventDate "2012.12.16"]

1. d4 Nf6 2. Nf3 e6 3. c4 Nc6 4. a3 g6 5. Nc3 d6 6. e4 Bg7 7. Be2 O-O 8. O-O Re8
9. d5 exd5 10. cxd5 Ne7 11. h3 c6 12. dxc6 Nxc6 13. Qc2 Qe7 14. Re1 Be6 15. Bf4
d5 16. exd5 Nxd5 17. Nxd5 Bxd5 18. Bg5 Nd4 19. Nxd4 Qxg5 20. Nf3 Qf6 21. Rad1
Be4 22. Qa4 Qxb2 23. Bc4 Bc6 24. Rxe8+ Rxe8 25. Qxa7 Qc2 26. Rd4 Bxd4 27. Qxd4
Bxf3 28. gxf3 Qf5 29. Kg2 Qg5+ 30. Kf1 Rd8 31. Qa1 Qh4 32. Qc3 Qxh3+ 33. Ke2
Re8+ 34. Kd2 Qd7+ 35. Kc2 Rc8 36. Kb2 Qc6 0-1

[Event "SportAccord Blitz Men 2012"]
[Site "Beijing CHN"]
[Date "2012.12.16"]
[Round "6.6"]
[White "Fressinet, Laurent"]
[Black "Aronian, Levon"]
[Result "1/2-1/2"]
[WhiteTitle "GM"]
[BlackTitle "GM"]
[WhiteElo "2700"]
[BlackElo "2815"]
[WhiteFideId "608742"]
[BlackFideId "13300474"]
[EventDate "2012.12.16"]

1. e4 e5 2. Nf3 Nc6 3. Bb5 Nf6 4. d3 Bc5 5. c3 O-O 6. O-O Re8 7. Nbd2 a6 8. Ba4
b5 9. Bb3 d6 10. h3 Be6 11. Re1 Bb6 12. Nf1 d5 13. Qe2 Na5 14. Bc2 dxe4 15. dxe4
Bc4 16. Qd2 Bxf1 17. Rxf1 Qxd2 18. Nxd2 c5 19. Re1 c4 20. Nf3 Rad8 21. Bg5 h6
22. Bxf6 gxf6 23. Rad1 Nb7 24. Nh4 Bc5 25. Nf5 Bf8 26. Ne3 Nc5 27. Rd5 Rxd5 28.
Nxd5 Re6 29. b4 cxb3 30. axb3 Nd7 31. Ra1 Nb6 32. Ne3 Nd7 33. b4 Rc6 34. Nd5 Kg7
35. Kf1 f5 36. exf5 Nf6 37. Nxf6 Kxf6 38. Be4 Rb6 39. Ke2 Bd6 40. h4 Ke7 41. g3
Bb8 42. Kf3 Ba7 43. Ke2 Bb8 44. g4 f6 45. Rg1 Kf8 46. g5 hxg5 47. hxg5 fxg5 48.
Rxg5 Rd6 49. Rh5 Kg7 50. Rh1 Bc7 51. Ra1 Rb6 52. Rg1+ Kf8 53. Bd5 Rh6 54. Rg8+
Ke7 55. Rg7+ Kd6 56. Be4 Bb6 57. f3 a5 58. bxa5 Bxa5 59. Kd3 Bb6 60. Rb7 Kc5 61.
Rd7 Rd6+ 62. Rxd6 Kxd6 63. f6 Ke6 64. Bc6 Kxf6 65. Bxb5 Ke6 66. Ke4 Kd6 1/2-1/2

[Event "SportAccord Blitz Men 2012"]
[Site "Beijing CHN"]
[Date "2012.12.16"]
[Round "6.7"]
[White "Kamsky, Gata"]
[Black "Grischuk, Alexander"]
[Result "1/2-1/2"]
[WhiteTitle "GM"]
[BlackTitle "GM"]
[WhiteElo "2762"]
[BlackElo "2764"]
[WhiteFideId "2000024"]
[BlackFideId "4126025"]
[EventDate "2012.12.16"]

1. b3 e5 2. Bb2 Nc6 3. g3 d5 4. Bg2 Nf6 5. e3 Be7 6. d3 Be6 7. Ne2 O-O 8. Nd2 a5
9. a3 Qd7 10. h3 d4 11. e4 g6 12. f4 exf4 13. gxf4 Nh5 14. Nf3 f5 15. e5 Bc5 16.
O-O Bd5 17. Kh2 Rae8 18. Qd2 Bb6 19. b4 axb4 20. axb4 Nd8 21. Nfxd4 Bxg2 22.
Kxg2 Ne6 23. Nxe6 Qxe6 24. c4 c6 25. Rf3 Rd8 26. Qc2 h6 27. Kh2 Rd7 28. d4 g5
29. fxg5 hxg5 30. Raf1 Rdf7 31. Ng3 Ng7 32. Qd3 g4 33. hxg4 fxg4 34. Rxf7 Rxf7
35. Rxf7 Qxf7 36. Kg2 Ne6 37. Ne2 Ng5 38. Bc1 Qf3+ 39. Qxf3 gxf3+ 40. Kf2 fxe2
41. Bxg5 Bxd4+ 42. Kxe2 Bxe5 1/2-1/2

[Event "SportAccord Blitz Men 2012"]
[Site "Beijing CHN"]
[Date "2012.12.16"]
[Round "7.3"]
[White "Aronian, Levon"]
[Black "Kamsky, Gata"]
[Result "1-0"]
[WhiteTitle "GM"]
[BlackTitle "GM"]
[WhiteElo "2815"]
[BlackElo "2762"]
[WhiteFideId "13300474"]
[BlackFideId "2000024"]
[EventDate "2012.12.16"]

1. c4 c6 2. d4 d5 3. Nc3 Nf6 4. cxd5 cxd5 5. Bf4 Nc6 6. e3 e6 7. Bd3 Bd6 8. Bxd6
Qxd6 9. f4 O-O 10. Nf3 Bd7 11. Ne5 Rfc8 12. O-O Be8 13. Rf3 g6 14. Rh3 Nd7 15.
Qe1 Qe7 16. Qg3 f6 17. Ng4 Qg7 18. Nh6+ Kh8 19. Rf1 f5 20. Qh4 Nf6 21. g4 Ne7
22. Kh1 Rc7 23. Rg1 Bd7 24. g5 Ne4 25. Bxe4 dxe4 26. Rhg3 b5 27. a3 a5 28. Ra1
Rac8 29. Rgg1 b4 30. axb4 axb4 31. Na4 Bxa4 32. Rxa4 Nd5 33. Ra6 Qd7 34. Qe1 Rc2
35. Qa1 Re2 36. Rd6 Qb7 37. Qa5 Kg7 38. Rd8 Rec2 39. Rxc8 Rxc8 40. Ra1 Qc7 41.
Qxc7+ Rxc7 42. Ra8 Ne7 43. Re8 b3 44. Kg2 Rb7 45. Kf2 Rc7 46. Ke2 Rc2+ 47. Kd1
Rc7 48. h4 Rb7 49. Kd2 Rc7 50. Kd1 Rb7 51. Rd8 Rc7 52. Rb8 Ra7 53. Rxb3 Ra8 54.
Rb7 Kf8 55. Kd2 Ke8 56. Rb6 Kd7 57. Nf7 Nd5 58. Ne5+ Ke7 59. Rb7+ Ke8 60. Rxh7
Ra2 61. Kc2 Nxe3+ 62. Kb3 Ra1 63. Rh8+ Ke7 64. Nxg6+ Kd6 65. h5 Rh1 66. h6 Nd5
67. Ne5 e3 68. Nc4+ Ke7 69. Nxe3 Nxe3 70. g6 Ng4 71. h7 Nf6 72. g7 Rh3+ 73. Ka4 1-0

[Event "SportAccord Blitz Men 2012"]
[Site "Beijing CHN"]
[Date "2012.12.16"]
[Round "7.4"]
[White "Bologan, Viktor"]
[Black "Fressinet, Laurent"]
[Result "0-1"]
[WhiteTitle "GM"]
[BlackTitle "GM"]
[WhiteElo "2681"]
[BlackElo "2700"]
[WhiteFideId "13900048"]
[BlackFideId "608742"]
[EventDate "2012.12.16"]

1. e4 e5 2. Nf3 Nc6 3. Bb5 a6 4. Ba4 Nf6 5. O-O Be7 6. d3 b5 7. Bb3 d6 8. a4 b4
9. c3 O-O 10. Re1 Rb8 11. Nbd2 Na5 12. Bc2 c5 13. Qe2 Qc7 14. Nf1 bxc3 15. bxc3
Nb3 16. Bxb3 Rxb3 17. Qc2 Rb7 18. Bg5 h6 19. Bxf6 Bxf6 20. Ne3 Be6 21. Reb1 Rfb8
22. h3 Qc6 23. c4 Kh7 24. Rxb7 Qxb7 25. Nd2 Bg5 26. Rb1 Qc7 27. Rxb8 Qxb8 28.
Nb1 Qd8 29. Nc3 g6 30. Ned5 h5 31. Qb1 Bh6 32. Qe1 f5 33. Kf1 Qa5 34. Qb1 Bd2
35. Qb2 Bxc3 36. Nxc3 Kh6 37. f3 fxe4 38. fxe4 Qd8 39. Qd2+ Kg7 40. Qb2 Qg5 41.
Qc2 Qe3 42. Nd1 Qg3 43. Nf2 a5 44. Qd2 g5 45. Qxa5 g4 46. hxg4 hxg4 47. Qd2 Qh4
48. Qe3 g3 49. Nh3 Bxh3 50. gxh3 Qxh3+ 51. Ke1 Qh1+ 52. Ke2 g2 53. Qg5+ Kf7 54.
Qf5+ Ke7 55. Qg5+ Kd7 56. Qg7+ Kc6 57. Qa7 Qf1+ 58. Kd2 Qf2+ 59. Kc3 Qe1+ 60.
Kc2 Qe2+ 61. Kc3 Qe1+ 62. Kc2 g1=Q 63. Qa8+ Kd7 64. Qb7+ Ke6 65. Qc8+ Kf6 66.
Qf8+ Kg5 67. Qf5+ Kh4 68. Qh7+ Kg3 69. Qg6+ Kh2 70. Qh5+ Kg3 71. Qg5+ Kh3 72.
Qh5+ Qh4 73. Qf5+ Qhg4 74. Qh7+ Kg2 0-1

[Event "SportAccord Blitz Men 2012"]
[Site "Beijing CHN"]
[Date "2012.12.16"]
[Round "7.5"]
[White "Karjakin, Sergey"]
[Black "Giri, Anish"]
[Result "1-0"]
[WhiteTitle "GM"]
[BlackTitle "GM"]
[WhiteElo "2775"]
[BlackElo "2720"]
[WhiteFideId "14109603"]
[BlackFideId "24116068"]
[EventDate "2012.12.16"]

1. e4 e5 2. Nf3 Nf6 3. Nc3 Nc6 4. d4 exd4 5. Nxd4 Bb4 6. Nxc6 bxc6 7. Bd3 O-O 8.
O-O d5 9. exd5 cxd5 10. h3 c6 11. Qf3 Rb8 12. Bg5 Bd6 13. Rab1 h6 14. Bf4 Be6
15. Ne2 c5 16. c3 Re8 17. b4 cxb4 18. cxb4 Rxb4 19. Rxb4 Bxb4 20. Rb1 Bd6 21.
Be3 Ne4 22. Nd4 Bd7 23. Rb7 Nc5 24. Rxd7 Nxd7 25. Nf5 Be7 26. Bxh6 Bf6 27. Nxg7
Bxg7 28. Qg4 Re1+ 29. Kh2 Qb8+ 30. f4 Qb2 31. Bxg7 Qxg7 32. Qxd7 Qd4 33. Qg4+
Kf8 34. Qc8+ Kg7 35. Qg4+ Kf8 36. Qc8+ Re8 37. Qf5 Re3 38. Qc8+ Kg7 39. Qg4+ Kf8
40. Qc8+ Re8 41. Qf5 a5 42. Bb5 Re6 43. Qg4 Qe4 44. Qg3 1-0

[Event "SportAccord Blitz Men 2012"]
[Site "Beijing CHN"]
[Date "2012.12.16"]
[Round "7.6"]
[White "Leko, Peter"]
[Black "Jobava, Baadur"]
[Result "1-0"]
[WhiteTitle "GM"]
[BlackTitle "GM"]
[WhiteElo "2732"]
[BlackElo "2711"]
[WhiteFideId "703303"]
[BlackFideId "13601520"]
[EventDate "2012.12.16"]

1. e4 e6 2. d4 d5 3. Nc3 Nc6 4. Nf3 Nf6 5. exd5 exd5 6. Bb5 Bb4 7. O-O O-O 8.
Bg5 Bxc3 9. bxc3 Qd6 10. Bxc6 Qxc6 11. Bxf6 Qxf6 12. Ne5 Qd6 13. Re1 b6 14. Qf3
f6 15. Nd3 Ba6 16. Nf4 Bc4 17. Re6 Qd7 18. h4 Rae8 19. Rxe8 Rxe8 20. a3 Qf5 21.
Qh5 Qxh5 22. Nxh5 Re2 23. Rc1 Kf7 24. Ng3 Re6 25. Nf5 Rc6 26. Re1 g6 27. Ne3 f5
28. g3 a5 29. Kg2 Kf6 30. Kf3 h6 31. Kf4 g5+ 32. hxg5+ hxg5+ 33. Kf3 Kg6 34. Kg2
Ba2 35. Ra1 Bc4 36. Re1 Re6 37. Kf3 Bb5 38. Rh1 c6 39. Rh8 Rf6 40. Rg8+ Kh6 41.
Rb8 Kh5 42. Rxb6 f4 43. gxf4 Rxf4+ 44. Kg3 Rh4 45. Rb8 Kg6 46. Nxd5 Rh1 47. Ne3
Ra1 48. c4 Ba4 49. d5 cxd5 50. cxd5 Rxa3 51. c4 Rc3 52. Ra8 Bb3 53. Rxa5 Rc1 54.
Ra6+ Kf7 55. Rc6 Rg1+ 56. Kf3 Rc1 57. Rc7+ Kf6 58. Ke4 Ba2 59. d6 Ke6 60. c5
Bb1+ 61. Kd4 Ba2 62. Re7+ Kf6 63. Ng4+ Kf5 64. Ne3+ Kf6 65. Nd5+ Kf5 66. Nc3 Be6
67. c6 Kf6 68. c7 Bg4 69. Re8 Rc2 70. c8=Q Bxc8 71. Rxc8 Rd2+ 72. Ke4 1-0